|
|
|
|
| LEADER |
00000nam0a2200000 4500 |
| 001 |
158925 |
| 005 |
20231101222055.0 |
| 010 |
|
|
|a 598298342X
|
| 035 |
|
|
|a (RuTPU)RU\TPU\book\172365
|
| 035 |
|
|
|a RU\TPU\book\60193
|
| 090 |
|
|
|a 158925
|
| 100 |
|
|
|a 20090429d2008 m y0rusy50 ca
|
| 101 |
0 |
|
|a rus
|
| 102 |
|
|
|a RU
|
| 105 |
|
|
|a a j 001zy
|
| 200 |
1 |
|
|a Макроскопическая электродинамика
|e учебное пособие
|f В. А. Сердюцкий
|g Томский политехнический университет
|
| 210 |
|
|
|a Томск
|c Изд-во ТПУ
|d 2008
|
| 215 |
|
|
|a 249 с.
|c ил.
|
| 320 |
|
|
|a Библиогр.: с. 241.
|
| 330 |
|
|
|a В пособии рассматриваются основные понятия классической электродинамики конденсированных сред: уравнения Максвелла в средах, электрические и магнитные свойства вещества, распространение электромагнитных волн, излучение заряженных частиц в вакууме и средах, воздействие мощных пучков на конденсированные среды. Разработано в рамках реализации Инновационной образовательной программы ТПУ по направлению «Атомная энергетика, ядерный топливный цикл, безопасное обращение с радиоактивными отходами и отработанным ядерным топливом, обеспечение безопасности и противодействие терроризму». Предназначено для магистрантов, обучающихся по магистерской программе 510420 «Физика ускорителей», и может быть полезно студентам, обучающимся по другим специальностям.
|
| 451 |
|
1 |
|0 (RuTPU)RU\TPU\book\60193
|t Макроскопическая электродинамика
|o учебное пособие
|f В. А. Сердюцкий
|g Томский политехнический университет
|c Томск
|n Изд-во ТПУ
|d 2003
|p 166 с.
|a Сердюцкий, Виталий Андреевич
|
| 452 |
|
1 |
|0 (RuTPU)RU\TPU\book\204801
|t Макроскопическая электродинамика
|o учебное пособие
|f В. А. Сердюцкий
|g Томский политехнический университет (ТПУ)
|c Томск
|n Изд-во ТПУ
|d 2008
|a Сердюцкий, Виталий Андреевич
|
| 606 |
1 |
|
|a Макроскопическая электродинамика
|2 stltpush
|3 (RuTPU)RU\TPU\subj\68090
|9 83628
|
| 610 |
1 |
|
|a физика
|
| 610 |
1 |
|
|a вакуум
|
| 610 |
1 |
|
|a периодические структуры
|
| 610 |
1 |
|
|a заряженные частицы
|
| 610 |
1 |
|
|a излучение
|
| 610 |
1 |
|
|a уравнения Максвелла
|
| 610 |
1 |
|
|a электрические свойства
|
| 610 |
1 |
|
|a магнитные свойства
|
| 610 |
1 |
|
|a электромагнитные волны
|
| 610 |
1 |
|
|a мощные пучки
|
| 610 |
1 |
|
|a конденсированные среды
|
| 610 |
1 |
|
|a учебные пособия
|
| 610 |
1 |
|
|a труды учёных ТПУ
|
| 675 |
|
|
|a 537.8(075.8)
|v 3
|
| 700 |
|
1 |
|a Сердюцкий
|b В. А.
|c физик
|c доцент Томского политехнического университета, кандидат физико-математических наук
|f 1939-
|g Виталий Андреевич
|2 stltpush
|3 (RuTPU)RU\TPU\pers\36362
|
| 712 |
0 |
2 |
|a Томский политехнический университет
|2 stltpush
|3 (RuTPU)RU\TPU\col\376
|
| 801 |
|
1 |
|a RU
|b 63413507
|c 20031021
|g PSBO
|
| 801 |
|
2 |
|a RU
|b 63413507
|c 20201118
|g PSBO
|
| 900 |
|
|
|a Макроскопическая электродинамика
|
| 900 |
|
|
|a Макроэлектродинамика
|
| 942 |
|
|
|c BK
|